000 00485nam a2200169Ia 4500
003 GCL
005 20240530103827.0
008 140319s9999 xx 000 0 ara d
040 _aGCL /
_cGCL
082 0 4 _a910.02
_bى ج
100 1 _aيوسف الانصارى
245 1 0 _aجغرافية البيئات الطبيعية /
_cيوسف الانصارى
490 _aكتاب
_v0
650 0 4 _aالجغرافيا الطبيعية
650 0 4 _aالجغرافيا
942 _2ddc
_cBK
999 _c42811
_d42811